Castro's Cuba---the revolution in Cuba (Record no. 374121)

000 -LEADER
fixed length control field 00381cam a22001337a 4500
008 - FIXED-LENGTH DATA ELEMENTS--GENERAL INFORMATION
fixed length control field 180718b1960 xxu||||| |||| 00| 0 eng d
082 ## - DEWEY DECIMAL CLASSIFICATION NUMBER
Classification number A6x7291 M624
100 ## - MAIN ENTRY--PERSONAL NAME
Personal name Milis, C.Wright
245 ## - TITLE STATEMENT
Title Castro's Cuba---the revolution in Cuba
Statement of responsibility, etc. by C. Wright Milis
260 ## - PUBLICATION, DISTRIBUTION, ETC.
Place of publication, distribution, etc. London
Name of publisher, distributor, etc. Secker and Warburg
Date of publication, distribution, etc. 1960
300 ## - PHYSICAL DESCRIPTION
Extent 190p.
500 ## - GENERAL NOTE
General note 16/-
650 ## - SUBJECT ADDED ENTRY--TOPICAL TERM
Topical term or geographic name entry element Cuba - History - Revolution
Holdings
Withdrawn status Lost status Damaged status Not for loan Permanent Location Current Location Date acquired Full call number Barcode Date last seen Price effective from Koha item type
        Indian Institute of Public Administration Indian Institute of Public Administration 1994-06-25 A6x7291 M624 27320 2018-07-21 2018-07-21 Book

Powered by Koha